日本経済の転回点

Đã lưu trong:
Bibliografiske detaljer
Hovedforfatter: 下村治(しもむら おさむ)
Format: Bog
Sprog:Undetermined
Udgivet: 東京 東洋経済新報社 1973
Fag:
Tags: Tilføj Tag
Ingen Tags, Vær først til at tagge denne postø!
Thư viện lưu trữ: Trung tâm Học liệu Trường Đại học Cần Thơ
LEADER 00536nam a2200193Ia 4500
001 CTU_82475
008 210402s9999 xx 000 0 und d
082 |a 330.952 
082 |b S556 
100 |a 下村治(しもむら おさむ) 
245 0 |a 日本経済の転回点 
245 0 |c 下村治,竹中一雄共 
260 |a 東京 
260 |b 東洋経済新報社 
260 |c 1973 
650 |a Japan 
650 |x Economic conditions 
904 |i Ngoc, QHieu 
980 |a Trung tâm Học liệu Trường Đại học Cần Thơ